000 00485nam a2200193 4500
001 44722
090 _a44722
100 _a20250904 pory50
101 _aesp
102 _aESP
200 _aLos naufragos del Queen Enriqueta
_fOscar Pin
205 _a1.ª ed.
210 _aMadrid
_cTaurus ediciones
_d[1955]
215 _a201 p.
225 _aEl Club de la sonrisa
_v4
314 _aPseudónimo de Fernando Perdiguero
675 _a821.134.2-31
801 _aPT
_gRPC
990 _cLIVROS